00957nam a2200217Ia 4500003000900000005001700009008004100026040003100067040001300098041000800111100004300119245005100162260003900213300001900252490002100271520021800292942001200510999001700522952010000539952010000639IT-RoPAU20220918175740.0120407s9999 xx 000 0 und d aIT-RoPAUc20140509163430.0 cIT-RoPAU aita aPie Discepole del Divin Maestro924323 aLa nostra regola di vita. b4. Vita consacrata c1990aRoma bCasa Generalizia PDDM a194 p.c21 cm vVol. n. 12aPDDM aIndice Sussidi La nostra Regola di Vita 1. Tappe di un cammino (n.4 della serie) 2. Il valore delle costituzioni (n.9 della serie) 3. Vocazione e missione (n.10 della serie) 4. Vita consacrata (n.12 della serie) cBK2ddc c28095d28095 00102ddc406P_D571aPAULUSbPAULUSd2012-04-11l0oP D5r2012-04-11 00:00:00w2012-04-11yBK 00102ddc406P_D671aPAULUSbPAULUSd2014-05-12l0oP D6r2014-05-12 00:00:00w2014-05-12yBK